Religionsunterricht heute: Seine elementaren theologischen Inhalte
Salvato in:
| Autore principale: | |
|---|---|
| Altri autori: | |
| Natura: | Libro |
| Lingua: | tedesco |
| Pubblicazione: |
Friburgo de Brisgovia
Herder
1989
|
| Soggetti: | |
| Tags: |
Aggiungi Tag
Nessun Tag, puoi essere il primo ad aggiungerne!!
|
MARC
| LEADER | 00000cam a2200000 a 4500 | ||
|---|---|---|---|
| 001 | UCE7063 | ||
| 003 | CL-VaPUC | ||
| 005 | 20211210074343.0 | ||
| 008 | 150520e19890000gw |||||||||||||||||ger|d | ||
| 999 | |c 359205 |d 359203 | ||
| 020 | |a 3451213656 | ||
| 040 | |c Pontificia Universidad Católica de Valparaíso | ||
| 082 | 0 | 4 | |a 268 BIE 1989 |2 21 |
| 100 | 0 | |a Biesinger, Albert |9 579787 | |
| 245 | 1 | 0 | |a Religionsunterricht heute: Seine elementaren theologischen Inhalte |
| 260 | |a Friburgo de Brisgovia |b Herder |c 1989 | ||
| 300 | |a 269 páginas | ||
| 583 | |a last modification |c 20150520 16:51:00 |k Rodrigo Vera | ||
| 650 | 0 | |a Educación religiosa |9 308312 | |
| 650 | 0 | |a Enseñanza de la religión |9 432005 | |
| 700 | 0 | |a Schreijäck, Thomas |9 579788 | |
| 942 | |c BK |2 ddc | ||
| 945 | |d 20150520 16:51:00 |a dcastane | ||
| 952 | |0 0 |1 0 |2 ddc |3 erb |4 0 |6 268_000000000000000_BIE_1989 |7 0 |8 A |9 468285 |a BIBTEO |b BIBTEO |e Rehbein Pesce, Antonio, -2014 |i 5180295 |o 268 BIE 1989 |p 5180295 |r 2025-01-17 |t 1 |w 2019-11-23 |y BK |z Catalogado en:20150520 |k ICR | ||